Highest Point of Each Continent - Statistics

General Stats
  • This quiz has been taken 8 times
  • The average score is 4 of 7
Answer Stats
Continent Highest Point % Correct
Asia Mount Everest
100%
Africa Kilimanjaro
88%
North America Denali/Mount McKinley
63%
Europe El'brus
63%
Australia Mount Kosciuszko
25%
Antarctica Vinson
25%
South America Cerro Aconcagua
0%
No matching quizzes found
Score Distribution
Percent of People with Each Score
Percentile by Number Answered
Your Score History
You have not taken this quiz